[Event "Senta op 19th"]
[Site "Senta"]
[Date "2015.07.16"]
[Round "7"]
[White "Farkas, Tibor"]
[Black "Dermisek, Stipa"]
[Result "1-0"]
[WhiteElo "2251"]
[BlackElo "2077"]
[PlyCount "79"]
[EventDate "2015.07.11"]
[EventType "swiss"]
[EventRounds "9"]
[EventCountry "SRB"]
[SourceTitle "EXT 2016"]
[Source "ChessBase"]
[SourceDate "2015.10.08"]
[SourceVersion "1"]
[SourceVersionDate "2015.10.08"]
[SourceQuality "1"]

1. e4 c5 2. Nf3 d6 3. d4 cxd4 4. Nxd4 Nf6 5. Nc3 a6 6. Be3 e5 7. Nb3 Be6 8. Qd2 Be7 9. f3 0-0 10. 0-0-0 b5 11. g4 b4 12. Na4 Nbd7 13. Kb1 a5 14. Bb5 Rb8 15. Qd3 Qc7 16. Nd2 Rfc8 17. Rc1 Qb7 18. Ba6 Qc6 19. Bxc8 Bxa2+ 20. Kxa2 Qxa4+ 21. Kb1 Rxc8 22. Qa6 Rb8 23. b3 Qb5 24. Qxb5 Rxb5 25. g5 Nh5 26. Nc4 Nf4 27. Rcd1 Ne2 28. Kb2 Nc3 29. Ra1 a4 30. bxa4 Rb8 31. a5 d5 32. exd5 Bc5 33. a6 Bxe3 34. Nxe3 Nc5 35. a7 Ra8 36. Ra5 N3a4+ 37. Kc1 b3 38. Kd2 f6 39. Rb1 b2 40. Nc4 1-0

[Event "Senta op 19th"]
[Site "Senta"]
[Date "2015.07.15"]
[Round "6"]
[White "Dermisek, Stipa"]
[Black "Baglan, Esat"]
[Result "1/2-1/2"]
[WhiteElo "2077"]
[BlackElo "2257"]
[PlyCount "103"]
[EventDate "2015.07.11"]
[EventType "swiss"]
[EventRounds "9"]
[EventCountry "SRB"]
[SourceTitle "EXT 2016"]
[Source "ChessBase"]
[SourceDate "2015.10.08"]
[SourceVersion "1"]
[SourceVersionDate "2015.10.08"]
[SourceQuality "1"]

1. d4 d5 2. Nf3 Nf6 3. c4 c6 4. Qc2 dxc4 5. Qxc4 Bf5 6. Nc3 e6 7. g3 Nbd7 8. Bg2 Be7 9. 0-0 0-0 10. Nh4 Bc2 11. e4 Nc5 12. dxc5 Bd3 13. Qb4 Bxf1 14. Bxf1 b6 15. Ng2 Bxc5 16. Qc4 Ng4 17. Ne3 Nxe3 18. Bxe3 Bxe3 19. fxe3 Qd2 20. Qe2 Rfd8 21. Kf2 Kf8 22. Rd1 Qxe2+ 23. Kxe2 Rxd1 24. Kxd1 Ke7 25. e5 h5 26. Bg2 Rc8 27. Bf3 f6 28. exf6+ Kxf6 29. Ke2 g6 30. Be4 g5 31. h3 Ke5 32. Bd3 c5 33. Ba6 Rc7 34. Bc4 Rf7 35. Nb1 g4 36. hxg4 hxg4 37. Nd2 Rh7 38. Nf1 a6 39. Bxa6 Ra7 40. Bc4 b5 41. Bxb5 Rxa2 42. Nd2 Rxb2 43. Bc4 Rb8 44. Bd3 Rh8 45. Nf1 Kd5 46. Kd2 Rh1 47. Kc3 Rg1 48. e4+ Kd6 49. Kc4 Rg2 50. Kc3 Rf2 51. Nd2 Rg2 52. Nf1 1/2-1/2

[Event "Senta op 19th"]
[Site "Senta"]
[Date "2015.07.12"]
[Round "3"]
[White "Arsovic, Goran"]
[Black "Dermisek, Stipa"]
[Result "1/2-1/2"]
[WhiteElo "2395"]
[BlackElo "2077"]
[PlyCount "96"]
[EventDate "2015.07.11"]
[EventType "swiss"]
[EventRounds "9"]
[EventCountry "SRB"]
[SourceTitle "EXT 2016"]
[Source "ChessBase"]
[SourceDate "2015.10.08"]
[SourceVersion "1"]
[SourceVersionDate "2015.10.08"]
[SourceQuality "1"]

1. d4 Nf6 2. Nf3 g6 3. c4 Bg7 4. g3 0-0 5. Bg2 d6 6. 0-0 Nbd7 7. Nc3 e5 8. e4 c6 9. h3 Qb6 10. Re1 Re8 11. d5 cxd5 12. cxd5 Nc5 13. Rb1 a5 14. Be3 Bd7 15. Nd2 Qc7 16. Bf1 a4 17. Qf3 Reb8 18. a3 Qc8 19. Kh2 b5 20. Na2 Qe8 21. g4 h5 22. g5 Nh7 23. Be2 Qe7 24. Qg3 Rf8 25. Nc3 Qe8 26. Rg1 Qb8 27. Na2 Qe8 28. Rbc1 Rc8 29. Nb4 Kh8 30. Rc3 Rg8 31. Rgc1 Qe7 32. Nd3 Nxd3 33. Bxd3 Rxc3 34. Rxc3 f5 35. gxf6 Bxf6 36. Rc7 Qe8 37. Be2 g5 38. Rxd7 Qxd7 39. Bxh5 Rb8 40. Bg4 Qg7 41. Qf3 Be7 42. Bf5 Qh6 43. Qg2 Rg8 44. Nf3 Qh5 45. Bg4 Qg6 46. Bf5 Qh5 47. Bg4 Qg6 48. Bf5 Qh5 1/2-1/2

[Event "Senta op 19th"]
[Site "Senta"]
[Date "2015.07.12"]
[Round "2"]
[White "Dermisek, Stipa"]
[Black "Hiebert, Kenji"]
[Result "1-0"]
[WhiteElo "2077"]
[BlackElo "1796"]
[PlyCount "69"]
[EventDate "2015.07.11"]
[EventType "swiss"]
[EventRounds "9"]
[EventCountry "SRB"]
[SourceTitle "EXT 2016"]
[Source "ChessBase"]
[SourceDate "2015.10.08"]
[SourceVersion "1"]
[SourceVersionDate "2015.10.08"]
[SourceQuality "1"]

1. d4 Nf6 2. Nf3 g6 3. c4 Bg7 4. Nc3 0-0 5. e4 d6 6. Be2 e5 7. Be3 Ng4 8. Bg5 f6 9. Bh4 Nc6 10. h3 Nh6 11. Qd2 Nf7 12. Rd1 Kh8 13. dxe5 dxe5 14. Nd5 g5 15. Bg3 Ne7 16. Qc2 Qd6 17. c5 Qd8 18. Nxf6 Bxf6 19. Rxd8 Rxd8 20. Bc4 Kg7 21. Bxf7 Kxf7 22. Nxe5+ Bxe5 23. Bxe5 Be6 24. 0-0 Rd7 25. f4 gxf4 26. Rxf4+ Kg8 27. Rf6 Bf7 28. Qf2 Ng6 29. Bc3 Bxa2 30. h4 Bb1 31. h5 Nf8 32. Qg3+ Rg7 33. Qe5 Nd7 34. Qd5+ Kh8 35. Rf7 1-0

[Event "CRO-chT2 Ost"]
[Site "Croatia"]
[Date "2015.05.09"]
[Round "4.15"]
[White "Zubak, Zeljko"]
[Black "Dermisek, Stipa"]
[Result "1/2-1/2"]
[WhiteElo "1992"]
[BlackElo "2059"]
[PlyCount "89"]
[EventDate "2015.04.25"]
[EventType "team-tourn"]
[EventRounds "11"]
[EventCountry "CRO"]
[SourceTitle "EXT 2016"]
[Source "ChessBase"]
[SourceDate "2015.10.08"]
[SourceVersion "1"]
[SourceVersionDate "2015.10.08"]
[SourceQuality "1"]

1. d4 Nf6 2. c4 g6 3. Nc3 Bg7 4. e4 d6 5. Nf3 0-0 6. Be2 e5 7. 0-0 Nc6 8. d5 Ne7 9. h3 a5 10. Be3 h6 11. c5 Bd7 12. Rc1 Ne8 13. Qb3 Kh8 14. Qxb7 Rb8 15. Qa6 Ra8 16. Qc4 f5 17. exf5 gxf5 18. cxd6 Nxd6 19. Qh4 f4 20. Bc5 Qe8 21. Bxd6 cxd6 22. Bd3 Nf5 23. Bxf5 Bxf5 24. Rfe1 Ra7 25. Ne4 Qg6 26. Nfd2 Rb7 27. b3 f3 28. g4 Rg8 29. Kh2 Bxe4 30. Nxe4 Rf7 31. Rc6 Bf8 32. Qd8 Be7 33. Qd7 h5 34. Nxd6 Rh7 35. Nf5 Qg5 36. Nxe7 hxg4 37. Ng6+ Rxg6 38. Qe8+ Rg8 39. Qxe5+ Qxe5+ 40. Rxe5 Rxh3+ 41. Kg1 g3 42. fxg3 Rgxg3+ 43. Kf1 Rg2 44. Rc8+ Kg7 45. Rc7+ 1/2-1/2

[Event "CRO-chT2 East"]
[Site "Croatia"]
[Date "2014.05.10"]
[Round "4.23"]
[White "Dermisek, Stipa"]
[Black "Sargac, Rajna"]
[Result "0-1"]
[WhiteElo "2071"]
[BlackElo "2166"]
[PlyCount "82"]
[EventDate "2014.04.26"]
[EventType "team-tourn"]
[EventRounds "11"]
[EventCountry "CRO"]
[SourceTitle "EXT 2019"]
[Source "ChessBase"]
[SourceDate "2018.10.10"]
[SourceVersion "1"]
[SourceVersionDate "2018.10.10"]
[SourceQuality "1"]

1. d4 e6 2. c4 f5 3. g3 Nf6 4. Bg2 c6 5. Qc2 d5 6. Nh3 Bd6 7. Bf4 0-0 8. 0-0 b6 9. Nc3 Bb7 10. Rad1 Na6 11. b3 Rc8 12. Na4 Qe7 13. Bxd6 Qxd6 14. f3 c5 15. Nf2 cxd4 16. Rxd4 e5 17. Rd2 Qe6 18. e4 dxc4 19. exf5 cxb3 20. Qxb3 Qxb3 21. axb3 b5 22. Nb2 Rc3 23. Nfd3 Re8 24. Re2 Rxb3 25. Rfe1 Nd7 26. Nc1 Ra3 27. Nbd3 Ra1 28. Nb3 Rxe1+ 29. Rxe1 Bd5 30. Nd4 Nc7 31. Nc2 a5 32. Ne3 Ba8 33. Ng4 a4 34. Ngxe5 Nxe5 35. Nxe5 a3 36. Bf1 a2 37. f4 Be4 38. Nc4 bxc4 39. Bxc4+ Kf8 40. Bxa2 Bxf5 41. Bc4 Rxe1+ 0-1

[Event "Backa Palanka op 2nd"]
[Site "Backa Palanka"]
[Date "2001.05.02"]
[Round "1"]
[White "Dermisek, Stipa"]
[Black "Stojanovic, Mihajlo"]
[Result "0-1"]
[WhiteElo "2082"]
[BlackElo "2414"]
[PlyCount "59"]
[EventDate "2001.05.02"]
[EventType "swiss"]
[EventRounds "9"]
[EventCountry "YUG"]
[SourceTitle "EXT 2002"]
[Source "ChessBase"]
[SourceDate "2001.11.25"]
[SourceVersion "1"]
[SourceVersionDate "2001.11.25"]
[SourceQuality "1"]

1. d4 d5 2. Nf3 e6 3. g3 c5 4. e3 Nf6 5. Bg2 Nbd7 6. 0-0 Be7 7. c4 dxc4 8. Qc2 a6 9. a4 0-0 10. Qxc4 b5 11. Qe2 Bb7 12. Nbd2 c4 13. Rd1 Qc7 14. e4 e5 15. d5 Nc5 16. Ne1 Nfd7 17. axb5 axb5 18. Rxa8 Rxa8 19. Bh3 Ra2 20. Qf3 Nb6 21. Nf1 Nb3 22. Be3 Rxb2 23. Ng2 Bc5 24. Nh4 Nd4 25. Bxd4 Bxd4 26. Ne3 c3 27. Nhf5 c2 28. Nxc2 Qxc2 29. Nxd4 exd4 30. Rxd4 0-1